000 00287nam a2200109Ia 4500
008 190914s9999||||xx |||||||||||||| ||und||
100 _aA.S.Ramasastri
245 0 _aQuantitative Methods for Banking and Finance
260 _aNew Delhi
_bMac Meillan
_c2008
300 _a64
942 _cBK
999 _c10089
_d10089